000 00866nmm a2200277 a 4500
001 ocm000592836
003 TR-IsHL
005 20201028121910.0
008 110704s2005 tu tur
007 cr cn
020 _a9789756174586
035 _a592836
_b(N$T)
050 0 4 _aPL248.D87
_bS4 2005
090 0 4 _aPL248.D87
_bS4 2005
100 1 _aDurmuş, Nurdal
245 1 0 _aSessizliği kadar sesi olan hayata başlık atamadım
_h[electronic resource] /
_cNurdal Durmuş
250 _a1. bs.
260 _aİstanbul :
_bAres Kitap,
_c2005
300 _a160 p.
650 4 _aDil ve Edebiyat
650 4 _aLanguage and Literature
650 0 _aTürk denemeleri
650 0 _aTurkish essays
650 7 _aLITERARY COLLECTIONS / Essays
_2bisacsh
856 4 0 _uhttp://search.ebscohost.com/login.aspx?direct=true&scope=site&db=e011xww&AN=592836
999 _c1576
_d1576